000 01136nam a2200253 i 4500
001 55981
003 ES-MaACL
005 20250729020314.0
007 t|
008 031001s1945 sp f c |||| |dspa d
080 _a7 Michelangelo
100 1 _aDíaz López, Gonzalo.
_944330
245 1 0 _aMiguel Ángel
_b: su personalidad artística y catálogo de las reproducciones de su obras existentes en el Museo /
_cpor Gonzalo Díaz López.
246 3 4 _aMiguel Ángel en el Museo de Reproducciones Artísticas
260 _aMadrid :
_b[Cuerpo Facultativo de Archiveros, Bibliotecarios y Arqueólogos],
_c1945 (
_fImp. Góngora)
300 _a69 p., 12 h. de lám. ;
_c18 cm.
504 _aBibliografía: p. [59]-69.
594 _aPrecede al tít.: Museo de Reproducciones Artísticas. Cuerpo Facultativo de Archiveros, Bibliotecarios y Arqueólogos.
600 0 4 _aMichelangelo,
_d1475-1564
_980912
710 2 _aCuerpo Facultativo de Archiveros, Bibliotecarios y Arqueólogos
_93354
710 2 _aMuseo Nacional de Reproducciones Artísticas (España)
_9151574
852 _aES-MaACL
_j1836-F-18
999 _c55981
_d55981